|
|
|
|
| LEADER |
01150nam a2200289 a 4500 |
| 001 |
33317 |
| 003 |
BD-DhAAL |
| 005 |
20250625115143.0 |
| 008 |
180709t2001 iluab b 001 0 eng |
| 010 |
|
|
|a 00136657
|
| 020 |
|
|
|a 0875814433
|
| 040 |
|
|
|a DLC
|c DLC
|d DLC
|d BD-DhAAL
|
| 050 |
0 |
0 |
|a GN316
|b .R63 2001
|
| 082 |
0 |
0 |
|a 306
|2 21
|
| 100 |
1 |
|
|a Robbins, Richard H.
|q (Richard Howard),
|d 1940-
|9 26799
|
| 245 |
1 |
0 |
|a Cultural anthropology :
|b a problem-based approach /
|c Richard H. Robbins.
|
| 250 |
|
|
|a Third edition.
|
| 260 |
|
|
|a Itasca, Ill. :
|b F.E. Peacock Publishers,
|c c2001.
|
| 300 |
|
|
|a xv, 299 pages :
|b illustrations, map ;
|c 26 cm.
|
| 504 |
|
|
|a Includes bibliographical references (pages 281-291) and index.
|
| 526 |
|
|
|a ARC
|
| 541 |
|
|
|a Department of Architecture
|e 33317
|
| 650 |
|
0 |
|a Ethnology.
|9 26800
|
| 852 |
|
|
|a Department of Architecture
|c General Stacks
|
| 942 |
|
|
|2 ddc
|c BK
|
| 999 |
|
|
|c 39629
|d 39629
|
| 952 |
|
|
|0 0
|1 0
|2 ddc
|4 0
|6 306_000000000000000_ROB
|7 0
|9 63648
|a BRACUL
|b BRACUL
|c GEN
|d 2018-07-09
|e Department of Architecture
|l 1
|o 306 ROB
|p 3010033317
|r 2024-12-31
|s 2024-12-24
|t 1
|w 2018-07-09
|y BK
|x Transferred from ARC to BRACUL on 28/12/2023
|